000 00738cam a2200217 4500
008 000000n2003 000 0 eng u
020 _a1900858924
035 _a(Sirsi) u122208
041 _aeng
050 _a690.24
110 _aBuilding Maintenance Information
_93229
245 _aReview of maintenance costs 2003
260 _aLondon
_bBMI
_c2003
300 _a71p. ; 30cm.
490 _aBMI Special Report
_v321
520 _aThis item is part of a subscription service and cannot be photocopied. Neither can any part of it be read out over the phone. Please contact BMI direct on +44 (0)20 7222 7000.
650 _aMAINTENANCE COST INDICES
650 _aMAINTENANCE COSTS
690 _aBUILT ENVIRONMENT
942 _n0
999 _c102791
_d102791